Регионална библиотека "Любен Каравелов" - Русе

Дневници стенографически на Соф. търг.-индустриална камара (Запис номер 404060)

MARC детайли
000 -Лидер
Контролно поле с фиксирана дължина nam a22 a 4500
003 - Код на организацията, давaща контролен номер
Контролно поле BLK
005 - Дата и час на последна редакция
Контролно поле 20210406121232.0
008 - Елементи от данни с фиксирана дължина
fixed length control field 210330b bu |||||r|||| 00| | bu d
040 ## - Източник на каталожния запис
Идентификатор на билиотеката - собственик на записа BLK
041 ## - Код за език
Код за езика на текст/звукозапис или на отделно заглавие Български
Код за езика КДБФ Български
080 ## - УДК
Текстов определител УДК Занаятчийски и индустриални камари. Търговски палати
УДК код - определител по УДК 334.788.2
УДК определител (497.2)
УДК - код + определител 334.788.2(497.2)
110 ## - Редна дума - колетивен орган
9 (RLIN) 1299
Редна дума - наименование на организация или юридическо лице Търговско-индустриална камара. София
Авторска отговорност (Описва отношението между автора и произведението) първи автор
139 ## - Редно поле
Редна дума Търговско-индустриална камара. София
245 ## - Сведения за заглавието
Заглавие Дневници стенографически на Соф. търг.-индустриална камара
Подзаглавни данни Сесия ІІ : Отворена на 25 септ. - затворена на 10 окт. 1896 г
257 ## - Страна на издаване
Страна на създаване/издаване България
260 ## - Област на издателските данни
9 (RLIN) 445525
Място на издаване, разпространение и проч. София
Име на издателя, разпространителя и проч. Собствено изд. на Кметството
Година на издаване 1896
300 ## - Физическа характеристика
Страници 296 с.
Размери/Мащаб 25 см
380 ## - Жанр
Жанр Обществени науки
490 ## - СЕРИИ (Колекции)
9 (RLIN) 435080
Име на серия Колекция Редки и ценни издания
650 #7 - Допълнително описание по предмет – тема
9 (RLIN) 174483
Основно описание – тема или топоним Търговско-индустриални камари
653 #7 - Ключова дума – ненормативна
9 (RLIN) 198883
Ключова дума търговско-индустриални камари
653 #7 - Ключова дума – ненормативна
9 (RLIN) 196956
Ключова дума София
852 ## - Местоположение
Форматна сигнатура Рб 896
Фондова буква Редки и ценни
999 ## - СИСТЕМНИ КОНТРОЛНИ НОМЕРА
Koha biblionumber 404060
Koha biblioitemnumber 404060
942 ## - АРТИКУЛИ
Вид на библиотечния материал Книги
Скрит в OPAC Не
Периодичен библиозапис Да
944 ## - СЪЗДАВАНЕ И РЕДАКЦИЯ на ЗАПИСА
Създаване/Редакция Създаване
Дата на регистрацията/редакция 2021-03-30
Служител, извършил регистрацията/редакцията Христина Везирева
999 ## - СИСТЕМНИ КОНТРОЛНИ НОМЕРА
Koha biblioitemnumber 404060
999 ## - СИСТЕМНИ КОНТРОЛНИ НОМЕРА
Koha biblioitemnumber 404060
999 ## - СИСТЕМНИ КОНТРОЛНИ НОМЕРА
Koha biblioitemnumber 404005
999 ## - СИСТЕМНИ КОНТРОЛНИ НОМЕРА
Koha biblioitemnumber 404005

Няма налични копия.

Vip Innovations Ltd, Rousse, Bulgaria 2025